Missing Word: Ethan Hawke Quiz Stats

 Plays Quiz Updated Jul 13, 2014

Challenge
Share
Tweet
Embed
Score 0/16 Timer 03:00
0 Plays Today
Movie Title Missing Word % Correct
_____ Poets SocietyDead
99.3%
New York, I _____ YouLove
96.1%
_____ ExpectationsGreat
94.7%
Training _____Day
85.1%
_____ FangWhite
81.5%
_____ Last Thing...One
76.3%
Fast _____ NationFood
72.9%
_____ BitesReality
71%
Movie Title Missing Word % Correct
Before the _____ Knows You're DeadDevil
67.3%
_____ Falling on CedarsSnow
61.5%
Assault on _____ 13Precinct
56.3%
_____ SunriseBefore
49.7%
Before _____Sunset
45%
Before _____Midnight
37.8%
Lord of _____War
31.8%
Mystery _____Date
10.6%

Today's Daily Dose

Missing Word
Witch Songs

Word Ladder
Alabama

Quick Pick
Fanta Flavors

On This Day
October 15th II

You're not logged in!

Compare scores with friends on all Sporcle quizzes.
Join for Free
OR
Log In

You Might Also Like...

Show Comments

Extras

Top Quizzes Today


Score Distribution

Your Account Isn't Verified!

In order to create a playlist on Sporcle, you need to verify the email address you used during registration. Go to your Sporcle Settings to finish the process.

Report this User

Report this user for behavior that violates our Community Guidelines.

Details: